000 00725nam a2200277Ia 4500
005 20260324112646.0
008 008 260324s9999 xx 000 0 eng d
020 _a9781003479970
037 _aEBOOK
040 _aCRL
040 _beng
040 _cCRL
041 _2eng
041 _aeng
084 _qCRL
100 _aRajesh Kumar Tripathy; Ram Bilas Pachori
_91143619
245 0 _aArtificial Intelligence Enabled Signal Processing based Models for Neural Information Processing
260 _bTaylor and Francis
260 _c2024
365 _a
365 _b260
856 _uhttp://www.taylorfrancis.com/books/9781003479970
942 _cEBOOK
999 _c1732908
_d1732908